000 00830nam a2200217 i 4500
001 180627
003 ES-MaACL
005 20250815111837.0
008 120619s1976 sp |||| | spa d
080 _a543(043.2)
100 1 _aGarcía Beltrán, Lydia.
_9150642
245 1 0 _aEstudio y aplicaciones analíticas de isonitrosoacetilderivados para-sustituidos /
_c[por] Lydia García Beltrán.
260 _aBarcelona :
_bUniversidad de Barcelona, Secretariado de Publicaciones, Intercambio Científico y Extensión Universitaria,
_c1976.
300 _a19 p. ;
_c24 cm.
502 _aTesis-Universidad de Barcelona (Extracto)
504 _aBibliografía: p. 19.
650 0 7 _aQuímica analítica
_2embne
_916630
710 2 _aUniversidad de Barcelona.
_97141
852 _aES-MaACL
_jE-15362(166)
999 _c180627
_d180627